|
|
|
|
| LEADER |
02343nam a22005655i 4500 |
| 001 |
978-3-319-25193-6 |
| 003 |
DE-He213 |
| 005 |
20170520065651.0 |
| 007 |
cr nn 008mamaa |
| 008 |
151023s2016 gw | s |||| 0|eng d |
| 020 |
|
|
|a 9783319251936
|9 978-3-319-25193-6
|
| 024 |
7 |
|
|a 10.1007/978-3-319-25193-6
|2 doi
|
| 040 |
|
|
|d GrThAP
|
| 050 |
|
4 |
|a TP155-156
|
| 072 |
|
7 |
|a TDC
|2 bicssc
|
| 072 |
|
7 |
|a SCI013060
|2 bisacsh
|
| 082 |
0 |
4 |
|a 660
|2 23
|
| 100 |
1 |
|
|a Banks, Craig E.
|e author.
|
| 245 |
1 |
0 |
|a Screen-Printing Electrochemical Architectures
|h [electronic resource] /
|c by Craig E. Banks, Christopher W. Foster, Rashid O. Kadara.
|
| 264 |
|
1 |
|a Cham :
|b Springer International Publishing :
|b Imprint: Springer,
|c 2016.
|
| 300 |
|
|
|a VII, 56 p. 48 illus., 17 illus. in color.
|b online resource.
|
| 336 |
|
|
|a text
|b txt
|2 rdacontent
|
| 337 |
|
|
|a computer
|b c
|2 rdamedia
|
| 338 |
|
|
|a online resource
|b cr
|2 rdacarrier
|
| 347 |
|
|
|a text file
|b PDF
|2 rda
|
| 490 |
1 |
|
|a SpringerBriefs in Applied Sciences and Technology,
|x 2191-530X
|
| 505 |
0 |
|
|a Introduction and current applications of screen-printed electrochemical architectures -- Fundamentals of screen-printing electrochemical architectures -- Fabricating screen-printed electrochemical architectures: successful design and fabrication -- Quality Control/Quality analysis of electrochemical screen-printed sensors. .
|
| 520 |
|
|
|a .
|
| 650 |
|
0 |
|a Chemistry.
|
| 650 |
|
0 |
|a Energy storage.
|
| 650 |
|
0 |
|a Chemical engineering.
|
| 650 |
|
0 |
|a Electronic circuits.
|
| 650 |
|
0 |
|a Electric power production.
|
| 650 |
|
0 |
|a Optical materials.
|
| 650 |
|
0 |
|a Electronic materials.
|
| 650 |
1 |
4 |
|a Chemistry.
|
| 650 |
2 |
4 |
|a Industrial Chemistry/Chemical Engineering.
|
| 650 |
2 |
4 |
|a Electronic Circuits and Devices.
|
| 650 |
2 |
4 |
|a Optical and Electronic Materials.
|
| 650 |
2 |
4 |
|a Energy Technology.
|
| 650 |
2 |
4 |
|a Energy Storage.
|
| 700 |
1 |
|
|a Foster, Christopher W.
|e author.
|
| 700 |
1 |
|
|a Kadara, Rashid O.
|e author.
|
| 710 |
2 |
|
|a SpringerLink (Online service)
|
| 773 |
0 |
|
|t Springer eBooks
|
| 776 |
0 |
8 |
|i Printed edition:
|z 9783319251912
|
| 830 |
|
0 |
|a SpringerBriefs in Applied Sciences and Technology,
|x 2191-530X
|
| 856 |
4 |
0 |
|u http://dx.doi.org/10.1007/978-3-319-25193-6
|z Full Text via HEAL-Link
|
| 912 |
|
|
|a ZDB-2-CMS
|
| 950 |
|
|
|a Chemistry and Materials Science (Springer-11644)
|